マンガ「JIT」

保存先:
書誌詳細
第一著者: 平野裕之(ひらの ひろゆき)
フォーマット: 図書
言語:Undetermined
出版事項: 東京 日刊工業新聞社 1990
主題:
タグ: タグ追加
タグなし, このレコードへの初めてのタグを付けませんか!
Thư viện lưu trữ: Trung tâm Học liệu Trường Đại học Cần Thơ
LEADER 00518nam a2200181Ia 4500
001 CTU_87653
008 210402s9999 xx 000 0 und d
082 |a 658.5 
082 |b H668 
100 |a 平野裕之(ひらの ひろゆき) 
245 0 |a マンガ「JIT」 
245 0 |c 平野裕之作 ; 江田二三夫絵 
260 |a 東京 
260 |b 日刊工業新聞社 
260 |c 1990 
650 |a Production Management 
904 |i Ngoc 
980 |a Trung tâm Học liệu Trường Đại học Cần Thơ